Online katalóg knižníc regiónu Turca

Plameň a kvety (Record no. 21365)

MARC details
000 -LEADER
fixed length control field 01603nam a2200445 a 4500
001 - CONTROL NUMBER
control field 21365
003 - CONTROL NUMBER IDENTIFIER
control field VRT
005 - DATE AND TIME OF LATEST TRANSACTION
control field 20260227154253.0
008 - FIXED-LENGTH DATA ELEMENTS--GENERAL INFORMATION
fixed length control field 181127s1956 xo 000 slo
015 ## - NATIONAL BIBLIOGRAPHY NUMBER
National bibliography number SKSNBA1957/02-00319
035 ## - SYSTEM CONTROL NUMBER
System control number SK01SNK19570003896
035 ## - SYSTEM CONTROL NUMBER
System control number SKM000006359
039 #9 - LEVEL OF BIBLIOGRAPHIC CONTROL AND CODING DETAIL [OBSOLETE]
Level of rules in bibliographic description 201811270913
Level of effort used to assign nonsubject heading access points VLOAD
Level of effort used to assign subject headings 201510260957
Level of effort used to assign classification AUTHORITY
Level of effort used to assign subject headings 201510260957
Level of effort used to assign classification csnk10
040 ## - CATALOGING SOURCE
Original cataloging agency SNK
Language of cataloging slo
Transcribing agency SNK
Description conventions AACR2
041 1# - LANGUAGE CODE
Language code of text/sound track or separate title slo
Language code of original ger
044 ## - COUNTRY OF PUBLISHING/PRODUCING ENTITY CODE
MARC country code xo
ISO country code SK
080 ## - UNIVERSAL DECIMAL CLASSIFICATION NUMBER
Universal Decimal Classification number 82:929:830
Edition identifier 1981
080 ## - UNIVERSAL DECIMAL CLASSIFICATION NUMBER
Universal Decimal Classification number 830:929
Edition identifier 1981
100 1# - MAIN ENTRY--PERSONAL NAME
Personal name Heine, Heinrich,
Dates associated with a name 1797-1856
Relationship aut
240 10 - UNIFORM TITLE
Uniform title Heines Werke
Language of a work Slovensky
245 10 - TITLE STATEMENT
Title Plameň a kvety
Remainder of title výber z poézie Heinricha Heineho ; z nem pôv. Heines Werke ... prel. M.M. Dedinský, Július Lenko
260 ## - PUBLICATION, DISTRIBUTION, ETC.
Place of publication, distribution, etc. Bratislava
Name of publisher, distributor, etc. SVKL
Date of publication, distribution, etc. 1956
Place of manufacture Ružomberok
Manufacturer Severoslovenské tlačiarne
300 ## - PHYSICAL DESCRIPTION
Extent 554, [1] s.
Dimensions
490 1# - SERIES STATEMENT
Series statement Edícia svetových klasikov
Volume/sequential designation zv. 72
500 ## - GENERAL NOTE
General note Frontišpice
563 ## - BINDING INFORMATION
Binding note 2200 výtl.
600 17 - SUBJECT ADDED ENTRY--PERSONAL NAME
Personal name Heine, Heinrich,
Dates associated with a name 1797-1856
Source of heading or term SNKMA
655 #7 - INDEX TERM--GENRE/FORM
Genre/form data or focus term umelecká literatúra
Source of term SNKPH
700 1# - ADDED ENTRY--PERSONAL NAME
Personal name Mittelmann-Dedinský, Móric,
Dates associated with a name 1914-1989
Relationship aui
-- trl
700 1# - ADDED ENTRY--PERSONAL NAME
Personal name Lenko, Július,
Dates associated with a name 1914-2000
Relationship trl
730 ## - ADDED ENTRY--UNIFORM TITLE
Uniform title Heines Werke
830 #0 - SERIES ADDED ENTRY--UNIFORM TITLE
Uniform title Edícia svetových klasikov
910 ## - USER-OPTION DATA (OCLC)
User-option data kis3gmm
942 ## - ADDED ENTRY ELEMENTS (KOHA)
Source of classification or shelving scheme Dewey Decimal Classification
Koha item type Krásna literatúra pre dospelých
Suppress in OPAC No
949 ## - LOCAL PROCESSING INFORMATION (OCLC)
6 273K0355423
a svkpoA 19490
b svkpo45958
949 ## - LOCAL PROCESSING INFORMATION (OCLC)
6 17A0495038
a snkSD 12494/1
b snkKSP 67/57
949 ## - LOCAL PROCESSING INFORMATION (OCLC)
6 273K0355424
a svkpoA 19490a
b svkpo181417
Holdings
Stav vyradenia Strata Poškodenie Spôsob nadobudnutia Domovská knižnica Aktuálna knižnica Dátum nadobudnutia Total checkouts Čiarový kód exemplára Date last seen Typ exemplára
      Dar Obecná knižnica Horná Štubňa Obecná knižnica Horná Štubňa 27.02.2026   4736201531 27.02.2026 Krásna literatúra pre dospelých
Projekt je podporený Slovenskou asociáciou knižníc
Prevádzkuje Turčianska knižnica Martin 2026